| 000 | 00628nam a2200193 a 4500 | ||
|---|---|---|---|
| 001 | 000010326 | ||
| 005 | 20240412074217.0 | ||
| 008 | 091006s1972 dr 000 p spa d | ||
| 040 |
_aDO-SdBNP _bspa _cBNPHU |
||
| 082 |
_aRD861.44 _bD676g |
||
| 100 | 1 |
_aDonastorg, Tarquino, _d1906 -1989 _925139 |
|
| 245 | 1 | 0 |
_aGramas del camino / _cTarquino Donastorg. |
| 260 |
_aSan Pedro de Macorís, República Dominicana : _bEsfuerzo, _c1972. |
||
| 300 |
_a84 p. ; _c21 cm. |
||
| 590 | _aInventariado, 2018/BT | ||
| 650 | 0 |
_aPoesía dominicana _966 |
|
| 650 | 0 |
_aLiteratura dominicana. _967 |
|
| 910 | _aValidado. Control de calidad. MMOLINA | ||
| 999 |
_c10085 _d10085 |
||